[Event "RUS-ch51"]
[Site "St Petersburg"]
[Date "1998.07.30"]
[Round "3"]
[White "Poluljahov, Aleksandr"]
[Black "Balashov, Yuri S"]
[Result "1/2-1/2"]
[WhiteElo "2530"]
[BlackElo "2580"]
[Annotator "Tsesarsky,I"]
[PlyCount "51"]
[EventDate "1998.07.28"]
[EventType "swiss"]
[EventRounds "11"]
[EventCountry "RUS"]
[SourceTitle "CBM 067"]
[Source "ChessBase"]
[SourceDate "1998.11.30"]
[SourceVersion "2"]
[SourceVersionDate "1998.11.01"]
[SourceQuality "1"]

{[%mdl 48]} 1. Nf3 c5 2. c4 Nc6 3. Nc3 Nf6 4. e3 e6 5. d4 d5 6. cxd5 Nxd5 7.
Bc4 (7. Bd3 Be7 8. O-O cxd4 9. exd4 Nxc3 10. bxc3 O-O 11. Re1 b6 12. h4 Bb7 13.
Ng5 (13. Qe2 Bf6 14. Bg5 Rc8 15. Qe4 g6 16. Qg4 Na5 17. Ne5 h5 18. Qf4 Bxg5 19.
hxg5 Rxc3 20. Rad1 Nc6 $17 {1/2-1/2 Molnar,B-Juhasz,L/Hajduboszormeny-A (6/04)
1995/Inf 06 (43)} (20... Bd5 $19)) 13... Bxg5 14. Bxg5 Qd5 15. Qg4 (15. Be4 Qd7
16. Re3 f5 17. Bd3 f4 18. Re4 f3 19. g3 Na5 20. Re5 $14 {1/2-1/2 Chekhov,
V-Fokin,S/Riga 1988 (60)}) 15... f5 16. Qg3 $14 {1-0 Baburin,A-Fokin,S/URS-sf
Russia-ch Gorky 1989/[Ftacnik] (36)}) 7... cxd4 (7... Be7 8. Bxd5 exd5 9. dxc5
Be6 10. O-O (10. Nd4 Bxc5 (10... O-O 11. Nxc6 bxc6 12. Qd4 Bf6 13. Qa4 d4 14.
exd4 Bxd4 15. O-O Bxc5 16. Qxc6 $14) 11. O-O O-O $11) 10... Bxc5 11. b3 O-O 12.
Bb2 a6 13. Na4 Ba7 14. Nd4 Qd6 15. Rc1 $132) (7... Nxc3 8. bxc3 Be7 9. O-O O-O
10. Qe2 Qc7 (10... b6 11. Rd1 $14) 11. Rd1 $14) 8. exd4 Be7 (8... Nxc3 9. bxc3
Be7 10. O-O O-O 11. Bd3 a6 (11... b6 12. Qc2 g6 13. Bh6 Re8 14. h4 Bf8 15. Qd2
(15. Bxf8 Rxf8 16. Qd2 $14 (16. h5 Qf6 17. Be4 Bb7 18. Ne5 Rfc8 19. Qe2 $132))
15... Bb7 16. Bxf8 (16. Rfe1 $14) 16... Rxf8 17. Qh6 $14) 12. Qe2 $14) (8...
Bb4 9. Qc2 (9. Qd3 Na5 10. Bb5+ Bd7 $132) (9. Bd2 Nb6 10. Bb5 O-O $132) 9...
Nb6 (9... Nxc3 10. bxc3 Nxd4 11. Nxd4 Qxd4 12. Qa4+ $18) 10. Bb5 O-O 11. Be3
Be7 12. Bd3 (12. O-O Nb4 $11) 12... h6 (12... f5 13. a3 Bf6 14. Rd1 $14) 13. a3
Bf6 14. Rd1 Bd7 $132) 9. O-O O-O 10. Re1 (10. Bxd5 exd5 11. Qb3 Bg4 (11... Bf6
12. Be3 Ne7 13. Bf4 $11) 12. Be3 Bxf3 13. gxf3 Qd6 14. Nxd5 (14. Qxd5 Qg6+ 15.
Kh1 Rad8 16. Qe4 f5 $15) 14... Qg6+ 15. Kh1 Qh5 16. Nxe7+ (16. Bf4 Bh4 17. Rad1
Rad8) 16... Nxe7 17. Bf4 Qd5 18. Qxd5 Nxd5 $44) 10... Nxc3 (10... a6 11. Bb3 (
11. Qd3 Ncb4 12. Qe4 Nf6 13. Qe2 b5 14. Bb3 Bb7 15. Bg5 $132 (15. a3 Nbd5 16.
Bd2 $11)) 11... Nxc3 12. bxc3 b5 13. Qd3 Bb7 14. Bc2 g6 15. Bh6 Re8 16. Rad1
Rc8 17. h4 Qd5 $11) (10... Bf6 11. Ne4 b6 (11... Bd7 12. Nxf6+ Nxf6 13. Bg5 $14
) 12. a3 Bb7 13. Qd3 Rc8 14. Nxf6+ (14. Nfg5 Bxg5 15. Bxg5 f6 16. Bd2 Qd7 $11)
14... Nxf6 15. Bg5 $14) (10... b6 11. Nxd5 exd5 12. Bb5 Bd7 (12... Bb7 13. Qa4
Rc8 14. Bf4 Bf6 15. Rac1 $16) 13. Qa4 Nb8 14. Bxd7 Nxd7 15. Bf4 $14) 11. bxc3
b6 (11... a6 12. Bd3 b5 13. Qc2 h6 14. Qe2 (14. a4 b4 $11) 14... Qd6 15. Bc2
Rd8 16. Qd3 f5 17. Bb3 Na5 18. Ne5 Bf6 19. Qg3 $14) 12. Bd3 Bb7 13. h4 (13. Qc2
$5 g6 14. Bh6 (14. Qd2 Na5 (14... Bf6 15. Qh6 (15. h4 $5) 15... Bg7 16. Qh3 $14
) 15. Ne5 (15. Qh6 Bxf3 16. gxf3 Rc8 17. Re5 Rc5 $1 (17... Rxc3 18. Rh5 $18)
18. dxc5 Qxd3 19. Qe3 (19. cxb6 Qxc3 20. Rxa5 axb6 $15) 19... Qd1+ 20. Qe1 Qxf3
21. Re3 Qc6 22. cxb6 axb6 23. Rd3 Nc4 $44) 15... Rc8 (15... Bf6 16. Ba3 Be7 17.
Bxe7 (17. Bb2 $11) 17... Qxe7 18. Qh6 Rac8 19. Rac1 f6 $11) 16. Qh6 (16. Bb2
Bf6 17. Qf4 Bxe5 18. Rxe5 Nc4 $11) 16... Rxc3 17. Bb2 Bg5 18. Qxf8+ Qxf8 19.
Bxc3 Qa3 $17) (14. h4 Bxh4 (14... Rc8 15. Qd2 Bxh4 (15... Bf6 16. h5 Ne7 $132)
16. Qh6 Bf6 17. Ng5 Bxg5 18. Bxg5 f6 19. Rxe6 fxg5 20. Rxg6+ $18) 15. Bh6 Re8
16. Nxh4 Qxh4 17. Qd2 $132) 14... Re8 15. Qd2 Rc8 16. Rac1 (16. Rab1 Bf6 17. h4
$5 $132) (16. Rad1 Bd6 17. Ng5 Na5 18. Bb5 Re7 19. d5 e5 20. Ne4 $14) (16. h4
Na5 17. Ng5 Bf8 18. Bxf8 Rxf8 19. h5 $132) 16... Bf6 (16... Qc7 17. h4 Bf6 (
17... Na5 18. Ng5 Nc4 19. Bxc4 Qxc4 20. Qf4 $14) 18. h5 e5 $132) (16... Rc7 17.
Bf4 Rd7 18. Qe2 $14) 17. Qf4 $14) 13... Rc8 (13... Bxh4 14. Nxh4 Qxh4 15. Re3 (
15. Re4 Qe7 16. Qh5 $44) 15... g6 (15... f5 16. Rxe6 Na5 (16... Nxd4 17. Re3
Nc6 18. Rh3 $16) 17. Qe2 f4 18. f3 $14) 16. Rg3 (16. Rh3 Qf6 17. Bh6 Rfe8 18.
Qg4 Rac8 19. Bg5 Qg7 $15) 16... Qe7 (16... Qf6 17. Qg4 Qg7 18. Qh4 f5 19. Bh6
Qf6 20. Bg5 Qf7 $44) 17. Bh6 Rfd8 $15) (13... Na5 14. Ng5 h6 (14... Bxg5 15.
Bxg5 (15. hxg5 Rc8 16. Qc2 g6 $132) 15... Qd5 16. Qg4 $14) (14... g6 15. Qg4
$36 (15. Nxh7 Kxh7 16. Qh5+ Kg8 17. Bxg6 fxg6 18. Qxg6+ Kh8 19. Re5 Rf5 20.
Qh6+ Kg8 21. Qxe6+ Rf7 22. Qg6+ $11)) 15. Qh5 Bd5 (15... Qd5 16. Bh7+ Kh8 17.
Be4 $18) (15... Qc8 16. Re3 $40) 16. Nh7 Re8 17. Bxh6 gxh6 (17... Bxh4 18. Qg4
$18) 18. Qxh6 $18 {1-0 Razuvaev-Farago/Dubna 1979 (31)}) (13... Qd5 14. Rb1
Rac8 (14... Qxa2 15. Rb5 Ba6 (15... Bf6 16. Ng5 g6 17. Qg4 (17. Nxh7 Kxh7 18.
Qh5+ Kg8 19. Bxg6 fxg6 20. Qxg6+ Bg7 $19) 17... Ne7 18. Bb2 h5 19. Qe2 a6 20.
Rxb6 (20. Ra1 axb5 21. Rxa2 Rxa2 $17) 20... Bxg2 21. Nxe6 (21. Kxg2 Nd5 22. Ra1
Nf4+ 23. Kh2 Qxa1 24. Bxa1 Nxe2 25. Bxe2 Rfb8 $15) 21... fxe6 22. Bc4 Qa5 23.
Qxe6+ Kh8 24. Kxg2 Nf5 25. Rxa6 $16) (15... h6 16. Bb1 Qc4 17. Bd3 Qa2 $11) 16.
Rb2 $2 (16. Bb1 Qc4 (16... Qa1 17. Bb2 Qxb1 18. Qxb1 Bxb5 19. Ba3 $16) 17. Bd3
Qa2 $11 (17... Qxc3 18. Bb2 $16)) 16... Qa5 17. c4 (17. Ne5 Nxe5 18. Rxe5 b5
$15) (17. c4 Nb4 18. Bf1 Rac8 $17) 17... Rfd8 $17) 15. Rb5 Qd6 (15... Qxa2 16.
Ng5 g6 17. Qg4 $44 (17. Nxh7 $4 Kxh7 18. Qh5+ Kg8 19. Bxg6 Qxf2+ $3 $19)) 16.
d5 (16. Ng5 $40) (16. Rh5 g6 17. Rh6 Bf6 18. Ng5 $16 {1-0 Bricard,E-Rausis,I/
Paris Philidor mem 1995 (26)}) 16... Ba6 (16... exd5 17. Rxd5 $16) (16... Rfd8
17. Ng5 $16) (16... Nd8 17. c4 exd5 (17... a6 18. Rb3 exd5 19. Ba3 $18) 18.
cxd5 a6 19. Rb1 Bxd5 20. Bxa6 $14) 17. dxc6 Rfd8 18. Qa4 $16 {1-0 Anand,
V-Timman,J/Moscow Alekhine 1992/[Anand] (25)}) (13... Bf6 14. Ng5 g6 15. Qg4 h5
16. Qg3 (16. Qf4 e5 17. Qg3 exd4 (17... Qd7 18. Bc4 $16) 18. Bc4 $16) 16... Ne7
17. Ba3 $16) (13... g6 14. Bh6 (14. Bg5 $5 Na5 $132) 14... Re8 15. Ng5 Bf8 16.
Bxf8 Rxf8 17. Qg4 $14 {1-0 Agdestein,S-Orr,M/Thessaloniki olm ,BIG 1984 (37)})
14. Ng5 (14. Qe2 Na5 15. Bd2 Qd5 16. Qf1 Nc4 17. Bg5 Bxg5 18. Nxg5 Nd2 19.
Bxh7+ Kh8 20. Be4 Nxf1 21. Bxd5 Bxd5 22. Kxf1 Rxc3 $17 {0-1 Henrichsen,J-Hoi,C/
Copenhagen op 1995 (32)}) 14... Bxg5 (14... g6 15. Nxh7 (15. Qg4 h5 16. Qg3
Bxg5 17. Bxg5 Qd7 18. Bh6 Rfe8 19. Bxg6 $18 {1-0 Stoyanov,L-Titarenko/cr 1989 
(33)}) 15... Kxh7 16. Qh5+ Kg8 17. Bxg6 fxg6 18. Qxg6+ Kh8 19. Re4 $18 {
1-0 Matveeva,S-Litinskaya,M/Tbilisi ch-URS wmn 1987 (42)}) (14... h6 15. Bh7+ (
15. Qh5 Qe8 (15... Qd5 16. Bh7+ Kh8 17. Be4 $18) (15... Na5 16. Bd2 (16. Re3
Bxg5 (16... Nc4 17. Rg3 Bd6 18. Nxe6 $1 $18) 17. hxg5 Qxg5 18. Qh2 Qf6 $17)
16... Nc4 17. Bf4 $132) 16. Bh7+ (16. Nh7 f5 $17) (16. Re3 Nd8 17. c4 Ba6 18.
Bb2 Bxc4 19. Bh7+ Kh8 {1-0 Franco,Z-Antunes,A/Sevilla ,EXT 1990 (50)} 20. d5
Bxd5 (20... Bxg5 $4 21. hxg5 Kxh7 22. Bxg7 $18) 21. Bg6 (21. Bd3 f6 22. Bg6 Qb5
$19) 21... Bxg5 22. hxg5 Kg8 23. Bxg7 (23. Bd3 f5 24. Qxe8 Rxe8 25. gxh6 gxh6
26. Bxf5 Re7 $15) 23... fxg6 24. Qxh6 Nf7 25. Qxg6 Nd6 26. Qh6 Nf7 27. Qg6 $11)
16... Kh8 17. Nxe6 fxe6 (17... Kxh7 18. Nxg7 $18) 18. Bg6 Qd7 19. Bxh6 $18)
15... Kh8 16. Bb1 (16. Bc2 Nxd4 17. cxd4 Rxc2 18. Qxc2 hxg5 $132) 16... Qd5 17.
Qd3 g6 (17... f5 18. Nxe6 Nb4 19. Qg3) 18. Nf3 (18. Nxe6 $5 Nb4 19. Qe4 (19.
Qg3 Bxh4 20. Qh2 fxe6 $19) 19... Qxe6 20. Qxe6 fxe6 21. Bxh6 (21. cxb4 Bxb4 $19
) (21. Rxe6 Nd5 $17) 21... Rxc3 22. Bxf8 Bxf8 23. Bxg6 Bd5 24. Rec1 Rxc1+ 25.
Rxc1 Nxa2 26. Rc7 a5 27. g4 b5 (27... Nb4 28. h5 Nc6 29. Rc8 Kg7 30. Rc7+ Ne7
31. g5 a4 32. Ra7 b5 33. Be8 Bc4 34. h6+ Kg8 35. f4 $132 (35. g6 Bxh6 36. Rxe7
Kf8 37. g7+ Bxg7 38. Rf7+ Kxe8 39. Rxg7 a3 40. Ra7 b4 $19)) 28. h5 Bd6 29. Rd7
$16) (18. Nxf7+ $2 Rxf7 19. Qxg6 Nxd4 (19... Rg7 20. Qxh6+ Kg8 21. Be4 $132)
20. cxd4 Bxh4 21. Be4 Bxf2+ 22. Kh1 Qxd4 23. Qxf7 Bxe4 24. Bxh6 Bxg2+ 25. Kxg2
Bxe1 $19) 18... Kg7 $132 {1/2-1/2 Chekhov,V-Honfi,K/Amstetten 1990/Inf 49/
[Chekhov,] (29)} (18... Qh5 19. Bc2 Na5 20. Bd1)) 15. Bxg5 (15. hxg5 Ne7 16.
Qh5 Ng6 17. Re3 Bxg2 18. Bd2 f5 (18... Qd5 19. Qg4 $18) (18... e5 19. Rxe5 Bb7
20. Re3 $16) 19. Rg3 (19. Ba6 Rc7 20. Rxe6 Be4 (20... Bd5 21. Ree1 $132) 21.
Qh2 $132) 19... Bb7 20. Rh3 Kf7 $17) 15... Qd5 16. Qg4 (16. Be4 Qd7 17. Qh5 f5
(17... h6 $2 18. Bxh6 gxh6 19. Re3 (19. Qxh6 f5 20. Re3 f4 21. Rh3 $132) 19...
Kg7 20. Rg3+ Kf6 21. d5 exd5 22. Bxd5 Rce8 23. Qxh6+ Ke7 24. Rd1 $18) 18. Bd3
Na5 19. Rac1 Qd5 20. Qf3 Qxf3 21. gxf3 Kf7 22. Kg2 h6 23. Bf4 g5 $15 (23... Bd5
24. Ba6 Bb7 25. Bd3 g5 $1 $15)) 16... f5 $1 17. Qg3 Na5 18. Re5 (18. Bf1 Qd7
19. h5 Bd5 20. Ba6 Bb7 $11) 18... Qd7 19. Bb5 (19. Rc1 $5 Nc4 20. Re2 Bd5 21.
h5 Kh8 22. h6 gxh6 23. Bxh6 (23. Bxc4 hxg5 24. Bxd5 Qxd5 25. Qxg5 Rf7 (25...
Rg8 26. Qf6+ Rg7 27. g3 $16) 26. Qe3 (26. Qf4 Rg7 27. g3 Rg4 28. Qh6 Rg6 $132)
(26. Qh5 Rg8 27. f3 Rfg7 28. Rcc2 Rg5 29. Qf7 R5g7 30. Qf6 Qxf3 31. Qxe6 Rxg2+
32. Rxg2 Qd1+ 33. Kh2 Qh5+ $11) 26... Rg7 27. g3 Rg6 $132) 23... Rg8 24. Bg5
Qg7 25. f4 $14) 19... Bc6 20. Bxc6 $6 $11 (20. Ba6 $5 Bb7 (20... Rce8 21. Rb1 (
21. Bh6 Kh8 22. Bf4 Bd5 23. a4 $14) 21... Be4 22. Bb5 Bc6 23. Bd3 $14) 21. Bxb7
Nxb7 22. Rae1 Rfe8 23. Qe3 (23. d5 $1 exd5 (23... Nc5 24. Qe3 Ne4 25. f3 $16)
24. Re7 Nc5 (24... Rxe7 25. Rxe7 $18) 25. Bf6 $18) 23... Nd6 24. Rxe6 Qxe6 25.
Qxe6+ Rxe6 26. Rxe6 Ne4 27. d5 Nxg5 28. hxg5 Rxc3 29. d6 Rd3 $11) 20... Nxc6
21. Re2 b5 22. Rae1 Rce8 23. Qf3 (23. Bh6 Kh8 24. Bf4 b4 $11) 23... h6 24. Bf4
Kh7 25. Re3 b4 26. cxb4 1/2-1/2

[Event "Linares Anibal op 04th"]
[Site "Linares"]
[Date "1997.??.??"]
[Round "7"]
[White "Komljenovic, Davorin"]
[Black "Cifuentes Parada, Roberto"]
[Result "1/2-1/2"]
[WhiteElo "2460"]
[BlackElo "2515"]
[Annotator "Tsesarsky,I"]
[PlyCount "72"]
[EventDate "1997.02.??"]
[EventType "swiss"]
[EventRounds "10"]
[EventCountry "ESP"]
[SourceTitle "CBM 058"]
[Source "ChessBase"]
[SourceDate "1997.06.01"]
[SourceVersion "1"]
[SourceVersionDate "1997.06.01"]
[SourceQuality "1"]

1. c4 Nf6 2. Nc3 e6 3. d4 d5 4. cxd5 Nxd5 5. e4 Nxc3 6. bxc3 c5 7. Nf3 cxd4 8.
cxd4 Bb4+ 9. Bd2 Bxd2+ 10. Qxd2 O-O 11. Bc4 Nc6 12. O-O b6 13. d5 Na5 14. Bd3
$2 $146 (14. Be2 exd5 15. exd5 Bb7 (15... Bg4 16. d6 Qf6 17. Rfd1 Rad8 18. Qd4
Rfe8 19. Qxg4 $2 (19. Qxf6 gxf6 20. Rd2 Bxf3 21. gxf3 (21. Bxf3 Nc4 $17) 21...
Nb7 22. d7 Re7 23. Rad1 Nc5 24. Bb5 a6 25. Bc6 Re6 $11 {Tsesarsky}) 19... Rxe2
20. Rac1 Nb7 21. Rc8 Nxd6 22. Rxd8+ Qxd8 23. h3 Qe7 $17 {1/2-1/2 Karpov,
A-Seirawan,Y/Amber(rapid-3) 1993 (32)}) 16. d6 Qf6 17. Rfd1 Rad8 18. Rac1 Bc6
19. Qd4 Qxd4 20. Rxd4 Rfe8 21. Ba6 Kf8 22. h4 $11 {1/2-1/2 Kortschnoj,
V-Brunner,L/Zuerich/Bern m 1996 (32)}) 14... exd5 15. e5 $6 (15. exd5 $11 Bb7
16. Rad1 Qxd5 $5 17. Bxh7+ $5 Kh8 (17... Kxh7 18. Qc2+ $18) 18. Qxd5 (18. Qf4
Qh5 19. Be4 $11) (18. Bd3 Qh5 $11) 18... Bxd5 19. Rxd5 Kxh7 20. Rd7 Rae8 21.
Rxa7 Re2 22. a4 Ra2 23. Ne5 f6 24. Nd7 Rf7 25. Rd1 Nc6 26. Rb7 Ne5 27. h3 $11)
15... Qe7 16. Rae1 (16. Rfe1 Nc4 17. Qf4 h6 18. Nd4 (18. h4 Qe6 $17) 18... Re8
$15) 16... Nc4 17. Qf4 h6 18. h4 (18. Nd4 Re8 19. Nf5 Bxf5 20. Qxf5 g6 21. Qf4
Qg5 (21... Nxe5 $2 22. Bb5 g5 23. Qg3 $16) 22. Qxg5 hxg5 $17) 18... Qe6 $1 (
18... Qa3 19. Bb1 Re8 20. Rd1 Be6 21. Rd3 Qe7 22. Nd4 Bd7 23. Re1 Nxe5 24. Rg3
(24. Rde3 f6 $19) 24... Ng6 25. Rxe7 Nxf4 26. Rxd7 Re1+ 27. Kh2 Rxb1 28. Nf5
Nh5 29. Rg4 Rb2 30. Nxh6+ Kh7 31. Nf5 (31. Nxf7 Nf6 $19) 31... Rf8 $15) 19. Nd4
Qg4 $17 20. Qxg4 Bxg4 21. f3 Bd7 22. e6 (22. f4 Rfe8 $17) 22... fxe6 23. Nxe6
Bxe6 24. Rxe6 Rae8 25. Rfe1 Rxe6 26. Rxe6 Kf7 27. Rc6 (27. Re2 Rc8 28. h5 b5
29. Kf2 a5 30. Bg6+ (30. Bf5 Rc5 31. Bg6+ Kf6 32. Re8 Ne5 33. Rf8+ Ke7 34. Re8+
Kf6 35. Rf8+ Ke7 36. Re8+ Kd6 37. Bf5 (37. Rd8+ Kc6 $17) 37... d4 38. Rd8+ Kc7
39. Rxd4 Nxf3 40. Rd7+ Kc6 41. gxf3 (41. Bg4 Ne5 42. Rxg7 Nxg4+ (42... Rc2+ 43.
Be2 Rxa2 44. g4 a4 45. g5 hxg5 46. Rxg5 $44) 43. Rxg4 Rxh5 $17 (43... Rc2+ 44.
Kf3 Rxa2 45. Rg6+ Kc5 46. Rxh6 b4 47. Rh8 Ra1 48. h6 Rh1 49. h7 b3 50. Rc8+ Kd4
51. h8=Q+ Rxh8 52. Rxh8 b2 53. Rb8 Kc3 54. g4 a4 55. g5 a3 56. g6 a2 57. g7
b1=Q 58. Rxb1 axb1=Q 59. g8=Q $11)) 41... Rxf5 42. Rxg7 Rxh5 $17) 30... Kf6 31.
g4 Ne5 $17) 27... Ne5 28. Rc7+ Kf6 29. Bb5 (29. Bc2 Rf7 30. Rc8 Ke6 $17 (30...
d4 $2 31. f4 Ng4 32. Rc6+ Ke7 33. Rc7+ Kf6 (33... Kf8 34. Rc8+ $11) 34. Rc6+
$11)) 29... Rf7 30. Rc8 Ke6 31. Kf2 Kd6 $6 (31... Rf4 $1 32. Kg3 Rb4 33. Re8+
Kf7 (33... Kd6 34. Rd8+ Kc5 35. Ba6 Nc6 (35... Ra4 36. Bb7) 36. Rd7 Nd4 37. Bb7
Nf5+ 38. Kf2 Rb2+ 39. Ke1 (39. Kg1 Nxh4 40. Rxd5+ Kc4 41. Rh5 Nxg2 $1 (41...
Rxg2+ 42. Kh1 Ng6 43. Bd5+ Kd4 44. Bf7 Nf4 45. Rh4 Ke3 46. Rxf4 Rxa2 47. Rg4 (
47. Bxa2 Kxf4 $19) 47... Ra1+ (47... Rf2 48. Rxg7 Rxf3 $11) 48. Kg2 g5 49. Re4+
Kd3 50. Re6 $16) 42. Rh2 Rxa2 43. Bc8 (43. Rxg2 Rxg2+ 44. Kxg2 a5 45. Kf2 b5
46. Ke2 (46. Ba6 a4 $19) 46... a4 47. Kd2 b4 48. Ba6+ Kb3 49. Kc1 a3 $19) 43...
Kc3 44. Rxg2 Rxg2+ 45. Kxg2 b5 $19) 39... Nxh4 40. Rxd5+ Kc4 $19) 34. Rxe5 Rxb5
35. Kf4 Kf6 36. Rf5+ Ke6 37. Re5+ Kd6 38. Kf5 Rb2 39. Re6+ Kc5 40. Rg6 Rxa2 41.
Rxg7 a5 $19) 32. Ke3 Rc7 $2 (32... a6 $1 33. Bxa6 (33. Rd8+ Kc5 34. Bxa6 Ra7
$17) 33... Ra7 34. Bb5 Rxa2 35. f4 Nc4+ (35... Ng4+ 36. Kf3 h5 37. Rc6+ Ke7 38.
Rxb6 $11) 36. Bxc4 dxc4 37. Rxc4 Rxg2 $17) 33. Rxc7 Kxc7 34. f4 $1 $44 Nc6 (
34... Ng4+ 35. Kd4 Kd6 36. h5 Nf6 37. Be2 Ng8 38. g4 Ne7 39. Bb5 $1 Nc6+ $140
40. Bxc6 $1 Kxc6 41. g5 Kd6 42. f5 Ke7 43. f6+ (43. gxh6 gxh6 44. Kxd5 Kf6 45.
Ke4 b5 $19) 43... gxf6 44. gxh6 Kf7 45. Kxd5 Kg8 46. Ke6 Kh7 47. Kxf6 Kxh6 48.
Ke6 Kxh5 49. Kd6 Kg5 50. Kc6 Kf5 51. Kb7 Ke6 52. Kxa7 Kd7 53. Kxb6 Kc8 $11) 35.
g4 Ne7 (35... Nb4 $2 36. a4 (36. g5 $1 Nxa2 $2 (36... Kd6 37. a4 (37. f5 hxg5
38. hxg5 (38. f6 gxf6 39. h5 Ke7 40. h6 Kf7 $19) 38... Ke5) 37... Nc2+ 38. Kf2
(38. Kd3 Ne1+ $19 {[%cal Ge1g2]}) 38... hxg5 39. fxg5 Ke5 (39... Nd4 40. h5 Nf5
(40... Nxb5 $2 41. axb5 Ke5 42. Ke3 Kf5 43. h6 gxh6 44. gxh6 Kg6 45. Kd4 Kxh6
46. Kxd5 $18) 41. Kf3 Ke5 42. Bd3 a5 43. Kg4 Nd6 44. h6 gxh6 45. gxh6 Nf7 (
45... Kf6 46. h7 Kg7 47. Kf4 $11) 46. h7 Kf6 47. Kf4 $11) 40. h5 $11) 37. f5
hxg5 (37... Kd6 38. f6 $18) 38. f6 gxf6 39. h5 $1 $18 d4+ (39... g4 40. h6 d4+
41. Kd2 g3 42. Bf1 $18) 40. Kd2 Nc3 41. h6 Ne4+ 42. Kd3 Nd6 43. Be8 $1)) 36. g5
hxg5 (36... Nf5+ 37. Kf2 Nxh4 38. gxh6 gxh6 39. Bd3 $16 {[%csl Rh4]}) 1/2-1/2

[Event "ISR-ch"]
[Site "Ramat Aviv"]
[Date "1998.11.10"]
[Round "2.1"]
[White "Psakhis, Lev"]
[Black "Zilberman, Yaacov"]
[Result "1/2-1/2"]
[WhiteElo "2560"]
[BlackElo "2520"]
[Annotator "Tsesarsky,I"]
[PlyCount "65"]
[EventDate "1998.11.08"]
[EventType "k.o."]
[EventRounds "5"]
[EventCountry "ISR"]
[SourceTitle "CBM 068"]
[Source "ChessBase"]
[SourceDate "1999.02.01"]
[SourceVersion "1"]
[SourceVersionDate "1999.02.01"]
[SourceQuality "1"]

{[%mdl 256]} 1. c4 e6 2. Nf3 Nf6 3. Nc3 d5 4. d4 c5 5. cxd5 Nxd5 6. g3 Nc6 7.
Bg2 cxd4 (7... Nxd4 8. Nxd4 Nxc3 9. bxc3 cxd4 10. Qa4+ Qd7 11. Qxd4 Qxd4 12.
cxd4 Bb4+ 13. Bd2 Bxd2+ 14. Kxd2 Rb8 15. Rhc1 Kd8 16. Rc3 Re8 17. Ra3 a6 18.
Rc1 Re7 19. e4 $11 {1/2-1/2 Smejkal,J-Ribli,Z/EU-chT Skara 1980 (19)}) 8. Nxd4
Nxc3 9. bxc3 Nxd4 10. Qxd4 (10. cxd4 $6 Bb4+ 11. Kf1 (11. Bd2 $2 Qxd4 12. Rb1 (
12. Qa4+ $4 Bd7 13. Qxb4 Qxa1+ $19) 12... Qxd2+ 13. Qxd2 Bxd2+ 14. Kxd2 Rb8 15.
Rhc1 $44) 11... Bc3 12. Rb1 Qxd4 13. Qxd4 Bxd4 14. Bxb7 Bxb7 15. Rxb7 $11)
10... Qxd4 11. cxd4 Bb4+ (11... Bd6 12. O-O (12. Rb1 Rb8 13. Bf4 Ke7 14. Bxd6+
Kxd6 15. Rb3 b6 $11) (12. Bf4 Ke7 (12... Bxf4 13. gxf4 Ke7 (13... Rb8 14. Kd2
Ke7 15. Rhc1 Rd8 (15... b5 $2 16. Rc7+ Bd7 17. Rxa7 Rhc8 18. e3 $16 {1-0
Razuvaev,Y-Hemming,M/Dortmund 1995 (30)}) 16. Rc7+ Rd7 17. Rac1 Kd8 18. Rxd7+
Bxd7 $11) 14. e3 Rb8 15. Kd2 b6 16. Rac1 Rd8 17. Rc7+ Rd7 $11) 13. Bxd6+ Kxd6
14. Kd2 Rb8 15. Rab1 b6 16. Rhc1 Bd7 $11 {1/2-1/2 Dokhoian,Y-Nasybullin,V/
Pavlodar 1987/EXT 87 (46)}) 12... Rb8 13. e4 (13. Bd2 Bd7 14. Rfc1 Ke7 $1 (
14... O-O $6 15. Bf4 Bxf4 16. gxf4 Rfc8 17. Rxc8+ Rxc8 (17... Bxc8 18. Rc1 Bd7
19. Rc7 Bb5 20. e3 Ba6 21. d5 $16) 18. Bxb7 Rc2 19. e3 Rb2 20. Bf3 a5 $14) 15.
e4 Rhc8 16. e5 Ba3 17. Rxc8 Bxc8 18. Rb1 b5 19. Bc1 Bxc1 20. Rxc1 Bd7 21. Rc7
Rc8 22. Rxa7 Rc1+ 23. Bf1 Ke8 24. f4 Rd1 25. Kf2 Rxd4 $11 {1/2-1/2 Eingorn
Vereslav S-Farago Ivan/It (open) Muenster (Germany) (6) 1996 (48)}) 13... O-O (
13... b6 14. Bb2 (14. Be3 Bb7 15. a4 Kd7 16. a5 bxa5 17. Rxa5 a6 18. Ra4 Ra8
$132) 14... Bb7 15. Rac1 Kd7 16. d5 exd5 17. exd5 f6 18. Bh3+ Kd8 19. Rfd1 Re8
20. Bf5 (20. Be6 Ke7 $11) 20... h6 21. Rc2 $14) 14. e5 Be7 (14... Bc7 15. Ba3
Rd8 16. Rac1 Rd7 17. Rxc7 Rxc7 18. Bd6 $18) 15. Be3 Bd7 (15... b6 16. Rfc1 Bd8
17. Rc2 $14) 16. Rfc1 Rfc8 17. Rxc8+ Bxc8 18. Rc1 Kf8 19. Bh3 $1 {[%csl Rc8]
[%cal Gd4d5]} (19. d5 exd5 20. Bxd5 (20. Bxa7 Ra8 21. Bxd5 Be6 22. Bxe6 fxe6
23. Bc5) 20... Be6 21. Bxe6 fxe6 22. Rc7 b5 23. Rxa7 b4) 19... Ke8 (19... b6
20. d5 Bc5 21. d6 Ba6 22. Bxc5 (22. Bf1 Bxf1 23. Kxf1 Bxe3 24. fxe3 Rd8 25. Rc7
f6 26. exf6 gxf6 27. Rxa7 Rxd6 28. Rxh7 $14) 22... bxc5 23. Rxc5 Rb1+ 24. Kg2
Bb7+ 25. f3 Rb2+ 26. Kg1 Rxa2 27. Rb5 $18) 20. d5 Bd7 21. d6 Bd8 22. Bg2 (22.
Bxa7 Ra8 23. Be3 Rxa2 $11) 22... b6 23. f4 $14 {1-0 Kramnik,V-Lautier,J/Horgen
1995/CBM 50/ (64)}) 12. Bd2 (12. Kf1 Bc3 13. Rb1 Bxd4 14. Bxb7 Bxb7 15. Rxb7
O-O $11) 12... Bxd2+ 13. Kxd2 Ke7 (13... O-O 14. Rhc1 Rd8 15. e3 Rb8 16. Rc7
Rd7 17. Rac1 Rxc7 18. Rxc7 a6 19. d5 exd5 20. Bxd5 $16 {1-0 Johansson,
N-Nystrom,B/Avesta 1991 (58)}) (13... Kd8 14. a4 (14. Rhc1 Re8 15. Rc5 Rb8 16.
Ra5 a6 17. Rb1 b6 18. g4 h6 19. h4 Re7 20. e3 (20. f4 Rc7 $132) 20... Kc7 21.
Ra3 e5 22. Rc1+ Kd8 23. dxe5 Rxe5 24. Rd3+ Ke8 (24... Bd7 25. f4 Re7 26. g5 $11
{1/2-1/2 Christiansen,L-Ribli,Z/Deutschland 1994/Inf 60/[Ribli,Z] (41)}) 25.
Rd4 Rc5 $11) (14. Rab1 Rb8 15. Rb3 b6 16. Ra3 Bb7 17. e4 Ra8 18. g4 h6 19. h4
Re8 $11 {[%cal Ge8e7,Ge7c7]} (19... Kd7 20. Rc1 g5 $11) (19... Ke7 20. Rc1 Kd7
21. f4 $14 Rhc8 (21... f5 22. gxf5 exf5 23. Rg3 g5 24. fxg5 hxg5 25. Rxg5 Rag8
26. Ke3 Rxg5 27. hxg5 Bxe4 28. Bxe4 Re8 29. Kf4 fxe4 30. Ke3 $16) 22. Rxc8 Kxc8
23. g5 hxg5 24. fxg5 Kd7 (24... g6 $4 25. Rf3 Bxe4 26. Rc3+ $18) 25. h5 $16 {
1-0 Sulava,N-Lepelletier,B/St-Raphael 1998 (46)}) 20. Rc1 f5 $132) 14... Re8
15. a5 Rb8 16. Rhb1 Re7 17. Rb2 b5 18. axb6 axb6 19. Rab1 Rd7 20. Rb4 Rd6 21.
e4 b5 22. Bf1 Bd7 23. Ra1 e5 24. d5 g5 25. Ke3 g4 26. Be2 Rh6 27. Rab1 Ke7 {
1/2-1/2 Chernin,A-Farago,I/HUN ch 1992 (27)}) (13... Rb8 14. Rhc1 Kd8 15. Rc3
Re8 16. Ra3 a6 17. f4 Re7 18. g4 Rd7 19. Ke3 b5 20. g5 Rb6 $11 {1/2-1/2
Chernin,A-Sax,G/ch-HUN, Budapest HUN 1997 (42)}) 14. Rhc1 Rd8 15. Rc7+ Rd7 16.
Rac1 (16. Rc4 Rb8 17. Rac1 Kd8 18. Ke3 b6 19. Be4 h6 $132) 16... Kd8 17. Rxd7+
Kxd7 18. g4 (18. f4 Rb8 19. e4 b6 20. Ke3 Bb7 21. Bh3 Rc8 (21... Kd8 22. d5
exd5 23. exd5 Bc8 24. Bg2 (24. Bxc8 Rxc8 25. Rxc8+ Kxc8 $11) 24... Bf5 25. Kd4
f6 $11) 22. Rxc8 Bxc8 23. d5 Kc7 24. e5 b5 25. Kd4 Kb6 26. d6 $16 {1-0 Benko,
P-Donner,J/Wijk aan Zee 1970 (61)}) (18. e4 Rb8 19. e5 Kd8 20. Be4 h6 21. Ke3
b6 22. f4 Bb7 {1/2-1/2 Benko,P-Farago,I/Szolnok 1975 (22)}) 18... h6 (18... Rb8
19. g5 b6 20. Rc3 $16 {[%csl Rh7][%cal Gc3h3,Gh3h7]}) 19. f4 (19. h4 Rb8 20. g5
hxg5 21. hxg5 b6 22. Rh1 Ba6 23. Rh7 Rg8 $132) 19... Rb8 20. g5 hxg5 (20... b6
$2 $16 21. gxh6 $1 (21. g6 $2 f6 $132 (21... fxg6 22. Be4 g5 23. fxg5 hxg5 24.
Rg1 Bb7 $11)) 21... gxh6 22. Rc3 Bb7 23. Bxb7 Rxb7 24. Rh3 Rc7 25. Rxh6 Rc4 26.
Rh3 Rxd4+ (26... Ra4 27. a3 Rxd4+ 28. Rd3 Rxd3+ 29. Kxd3 Ke7 $16) 27. Rd3 Rxd3+
28. Kxd3 f6 (28... Ke7 29. Kd4 Kf6 30. Ke4 Kg6 31. Ke5 Kg7 32. f5 $18) 29. Kc4
a6 30. f5 $1 Kd6 (30... exf5 31. Kd5 f4 32. h4 Ke7 33. Kc6 $18) 31. fxe6 Kxe6
32. Kd4 $16 {1-0 Kramnik,V-Lautier,J/Beograd 1995/Inf 65/[Kramnik,V] (42)}) 21.
fxg5 b6 22. h4 g6 $11 (22... Bb7 23. Bxb7 Rxb7 24. h5 Rb8 25. Rh1 $16) 23. Ke3
(23. Rh1 Bb7 24. e4 (24. Bxb7 Rxb7 25. h5 gxh5 26. Rxh5 Rc7 27. Rh7 Kd6 $11)
24... Rh8 $11) 23... Ba6 24. Bf3 Rh8 25. Rh1 Bc4 26. Kf4 b5 (26... Bxa2 $2 27.
Ra1 Bc4 28. Rxa7+ Kd6 29. h5 gxh5 30. Rxf7 h4 31. g6 $16) 27. a3 a5 (27... Kd6
$11) 28. Ke5 Ke7 29. e4 Rb8 30. Rc1 a4 (30... Rh8 31. a4 (31. Rh1 $11) 31...
Rxh4 32. axb5 Bxb5 33. Rc5 Bd7 34. Rxa5 Rh3 35. Ra3 Rg3 36. Kf4 Rg1 37. Ra7 Rb1
38. Be2 Kd6 39. Ra6+ Ke7 40. Ke5 Rg1 $11) 31. d5 Rb6 (31... exd5 32. exd5 Re8
$11) 32. Rc3 Ra6 33. Rc1 1/2-1/2